<?xml version="1.0" encoding="UTF-8"?>
<marc:record xmlns:marc="http://www.loc.gov/MARC21/slim">
   <marc:leader>00000nam a2200000 a 4500</marc:leader>
   <marc:datafield ind1="1" ind2=" " tag="100">
      <marc:subfield code="a">Medalia, Hilla</marc:subfield>
      <marc:subfield code="4">drt</marc:subfield>
      <marc:subfield code="e">Regisseur/-in</marc:subfield>
   </marc:datafield>
   <marc:datafield ind1=" " ind2=" " tag="653">
      <marc:subfield code="a">Dokumentation</marc:subfield>
   </marc:datafield>
   <marc:datafield ind1="0" ind2="0" tag="245">
      <marc:subfield code="a">Dancing in Jaffa</marc:subfield>
   </marc:datafield>
   <marc:datafield ind1=" " ind2="1" tag="264">
      <marc:subfield code="b">DVD Video</marc:subfield>
      <marc:subfield code="c">2014</marc:subfield>
   </marc:datafield>
   <marc:datafield ind1="1" ind2=" " tag="520">
      <marc:subfield code="a">Erstmals seit seiner Kindheit kehrt der New Yorker Tanzlehrer und Turniertänzer Pierre Dulaine in seine Heimatstadt Jaffa zurück, um sich hier den Traum einer Tanzschule für israelisch-palästinensische und israelisch-jüdische Kinder zu erfüllen. Mittels Gesellschaftstanz sollen die Kinder, die jahrzehntelang nebeneinander, aber nie miteinander lebten, lernen, was Respekt, Gemeinschaft, Spaß und Vertrauen bedeuten. Pierre Dulaine versucht mittels Tanz die politische und kulturelle Kluft in der israelischen Stadt Jaffa (Tel-Aviv) zu überbrücken. Unterstützung bekommt er dabei von seiner ehemaligen Tanzpartnerin Yvonne Marceau. Neben diesen beiden Tanz-Koryphäen stehen die drei Kinder Noor, Alaa und Lois sowie die Lehrerin Rachel Gueta im Mittelpunkt des Dokumentarfilms. Sie kommen aus unterschiedlichen Familienverhältnissen und sollen mithilfe des Tanz-Projektes zusammengeführt werden, denn Völkerverständigung kennt keine Grenzen, besonders nicht in der Kunst.</marc:subfield>
   </marc:datafield>
   <marc:datafield ind1=" " ind2=" " tag="041">
      <marc:subfield code="a">ger</marc:subfield>
   </marc:datafield>
   <marc:datafield ind1=" " ind2=" " tag="338">
      <marc:subfield code="a">Videodisk</marc:subfield>
   </marc:datafield>
   <marc:datafield ind1=" " ind2=" " tag="300">
      <marc:subfield code="a">1 DVD</marc:subfield>
   </marc:datafield>
</marc:record>
